[Event "Moscow-ch (Women)"]
[Site "Moscow"]
[Date "2024.03.27"]
[Round "4"]
[White "Dimitrova, Aleksandra"]
[Black "Charochkina, Daria"]
[Result "1/2-1/2"]
[WhiteElo "2188"]
[BlackElo "2298"]
[PlyCount "78"]
[EventDate "2024.03.22"]
[EventType "swiss"]
[EventRounds "7"]
[EventCountry "RUS"]
[SourceTitle "CB15_2024"]
[SourceDate "2024.04.10"]
[SourceVersion "1"]
[SourceVersionDate "2024.04.10"]
[SourceQuality "1"]

1. e4 c6 2. d4 d5 3. e5 Bf5 4. Nc3 e6 5. g4 Bg6 6. Nge2 c5 7. h4 h5 8. Nf4 Bh7 9. Nxh5 Nc6 10. dxc5 Bxc5 11. Bg5 Qc7 12. f4 Qb6 13. Be2 Bg6 14. Na4 Qa5+ 15. c3 Bf8 16. b4 Qc7 17. Bd3 Bxh5 18. gxh5 f6 19. exf6 gxf6 20. Bg6+ Kd7 21. 0-0 fxg5 22. hxg5 Bd6 23. c4 Nge7 24. cxd5 Nxd5 25. f5 Ne3 26. Nc5+ Kc8 27. Nxe6 Bh2+ 28. Kh1 Qg3 29. Qe2 Nxf1 30. Rxf1 Qh3 31. Rf3 Bg3+ 32. Kg1 Qh4 33. f6 Bd6 34. b5 Ne5 35. Rc3+ Kb8 36. Qd1 Nc4 37. Qe2 Ne5 38. Qd1 Nc4 39. Qe2 Rh7 1/2-1/2

[Event "Moscow Blondes-Brunettes m 13th"]
[Site "Moscow"]
[Date "2024.03.14"]
[Round "8.1"]
[White "Charochkina, Daria"]
[Black "Gunina, Valentina"]
[Result "1/2-1/2"]
[WhiteElo "2298"]
[BlackElo "2437"]
[PlyCount "83"]
[EventDate "2024.03.14"]
[EventType "schev (blitz)"]
[EventRounds "8"]
[EventCountry "RUS"]
[SourceTitle "CB13_2024"]
[SourceDate "2024.03.27"]
[SourceVersion "1"]
[SourceVersionDate "2024.03.27"]
[SourceQuality "1"]
[WhiteTeam "Brunettes"]
[BlackTeam "Blondes"]
[WhiteTeamCountry "RUS"]
[BlackTeamCountry "RUS"]

1. d4 d5 2. c4 c6 3. Nc3 Nf6 4. Nf3 dxc4 5. a4 Bf5 6. Nh4 Bg6 7. Nxg6 hxg6 8. e3 e6 9. Bxc4 a5 10. h3 Nbd7 11. Qe2 Bd6 12. 0-0 Qe7 13. e4 e5 14. Be3 exd4 15. Bxd4 Be5 16. Rad1 g5 17. f3 Nh5 18. Qf2 0-0 19. Ne2 Rad8 20. b3 g6 21. Qe3 Bxd4 22. Rxd4 Ne5 23. Rxd8 Rxd8 24. Qc3 b6 25. Rc1 Rc8 26. Qe3 Rb8 27. Kh1 Qf6 28. Rd1 Rd8 29. Rc1 Nxc4 30. bxc4 Qb2 31. Re1 Rd2 32. Kg1 Nf4 33. Nxf4 gxf4 34. Qxf4 Rxg2+ 35. Kh1 Rd2 36. Rg1 Kg7 37. e5 Re2 38. Qf6+ Kg8 39. Qd8+ Kg7 40. Qf6+ Kg8 41. Qd8+ Kg7 42. Qf6+ 1/2-1/2

[Event "Moscow Blondes-Brunettes m 13th"]
[Site "Moscow"]
[Date "2024.03.14"]
[Round "2.7"]
[White "Charochkina, Daria"]
[Black "Smirnova, Ekaterina"]
[Result "1-0"]
[WhiteElo "2298"]
[BlackElo "2190"]
[PlyCount "91"]
[EventDate "2024.03.14"]
[EventType "schev (blitz)"]
[EventRounds "8"]
[EventCountry "RUS"]
[SourceTitle "CB13_2024"]
[SourceDate "2024.03.27"]
[SourceVersion "1"]
[SourceVersionDate "2024.03.27"]
[SourceQuality "1"]
[WhiteTeam "Brunettes"]
[BlackTeam "Blondes"]
[WhiteTeamCountry "RUS"]
[BlackTeamCountry "RUS"]

1. d4 d5 2. c4 c6 3. Nc3 Nf6 4. Nf3 dxc4 5. a4 Bf5 6. Nh4 Bg4 7. h3 Bh5 8. g4 Bg6 9. Nxg6 hxg6 10. e4 e6 11. Bxc4 Bb4 12. Kf1 Nbd7 13. Be3 Bxc3 14. bxc3 Nxe4 15. Rc1 Qf6 16. Kg2 g5 17. Bd3 Nd6 18. Qd2 Qe7 19. Bxg5 Nf6 20. Rhe1 Qd7 21. c4 Kf8 22. Qf4 Nde8 23. Bb1 Rd8 24. Rcd1 Qd6 25. Qf3 Qb4 26. d5 cxd5 27. cxd5 Rxd5 28. Rxd5 Nxd5 29. Rd1 Qxa4 30. Rc1 Qd7 31. Be4 b5 32. Rd1 Nec7 33. Qa3+ Kg8 34. Qxa7 f6 35. Bc1 Qc6 36. Qb8+ Kf7 37. Qxh8 Ne3+ 38. Bxe3 Qxe4+ 39. Kg1 Nd5 40. Qh5+ Kg8 41. Qe8+ Kh7 42. Re1 Qf3 43. Qh5+ Kg8 44. Qe8+ Kh7 45. Qxe6 b4 46. Qf5+ 1-0

[Event "Moscow Blondes-Brunettes m 13th"]
[Site "Moscow"]
[Date "2024.03.14"]
[Round "1.8"]
[White "Dogodkina, Julia"]
[Black "Charochkina, Daria"]
[Result "0-1"]
[WhiteElo "2081"]
[BlackElo "2298"]
[PlyCount "62"]
[EventDate "2024.03.14"]
[EventType "schev (blitz)"]
[EventRounds "8"]
[EventCountry "RUS"]
[SourceTitle "CB13_2024"]
[SourceDate "2024.03.27"]
[SourceVersion "1"]
[SourceVersionDate "2024.03.27"]
[SourceQuality "1"]
[WhiteTeam "Blondes"]
[BlackTeam "Brunettes"]
[WhiteTeamCountry "RUS"]
[BlackTeamCountry "RUS"]

1. e4 d6 2. f4 c5 3. Nf3 g6 4. g3 Bg7 5. Bg2 e6 6. 0-0 Ne7 7. d3 0-0 8. Nc3 Nbc6 9. Be3 Rb8 10. Qc1 Nd4 11. Rf2 b5 12. Ne2 Nec6 13. c3 Nxe2+ 14. Rxe2 b4 15. e5 dxe5 16. Bxc5 Re8 17. Nxe5 Nxe5 18. fxe5 Qxd3 19. Re3 Qb5 20. Bxa7 Rb7 21. c4 Qa6 22. Bc5 Rc7 23. Bxb4 Rxc4 24. Bc3 Bh6 25. Qe1 Bb7 26. Bf1 Qb6 27. Kf2 Re4 28. Bd2 Rxe3 29. Bxe3 Qxb2+ 30. Be2 Bxe3+ 31. Kxe3 Qb6+ 0-1

[Event "Moscow Aeroflot op-A"]
[Site "Moscow"]
[Date "2024.03.07"]
[Round "9"]
[White "Sek, Konstantin"]
[Black "Charochkina, Daria"]
[Result "1-0"]
[WhiteElo "2400"]
[BlackElo "2298"]
[PlyCount "55"]
[EventDate "2024.03.03"]
[EventType "swiss"]
[EventRounds "9"]
[EventCountry "RUS"]
[SourceTitle "CB11_2024"]
[SourceDate "2024.03.13"]
[SourceVersion "1"]
[SourceVersionDate "2024.03.13"]
[SourceQuality "1"]

1. e4 c6 2. d4 d5 3. e5 Bf5 4. h4 h5 5. Bd3 Bxd3 6. Qxd3 Qa5+ 7. b4 Qxb4+ 8. Nd2 e6 9. Rb1 Qe7 10. c4 b6 11. Ne2 Nh6 12. Ng3 g6 13. Nf3 Qd7 14. 0-0 Be7 15. Ng5 Nf5 16. cxd5 cxd5 17. Nxf5 gxf5 18. Bd2 Nc6 19. Rfc1 Nd8 20. Qa6 Rb8 21. a4 f6 22. exf6 Bxf6 23. Bf4 Rb7 24. a5 bxa5 25. Rxb7 Qxb7 26. Qe2 Bxg5 27. hxg5 0-0 28. g6 1-0

[Event "Moscow Aeroflot op-A"]
[Site "Moscow"]
[Date "2024.03.05"]
[Round "5"]
[White "Charochkina, Daria"]
[Black "Korobkov, Piotr"]
[Result "1-0"]
[WhiteElo "2298"]
[BlackElo "2393"]
[PlyCount "91"]
[EventDate "2024.03.03"]
[EventType "swiss"]
[EventRounds "9"]
[EventCountry "RUS"]
[SourceTitle "CB11_2024"]
[SourceDate "2024.03.13"]
[SourceVersion "1"]
[SourceVersionDate "2024.03.13"]
[SourceQuality "1"]

1. d4 g6 2. e4 Bg7 3. Nc3 d6 4. Be3 c6 5. Nf3 Nf6 6. Qd2 b5 7. Bd3 0-0 8. Bh6 Bg4 9. h4 Bxf3 10. gxf3 Nh5 11. Bxg7 Kxg7 12. f4 Nd7 13. Ne2 e5 14. dxe5 dxe5 15. 0-0-0 Qf6 16. fxe5 Qxf2 17. e6 fxe6 18. Qc3+ Qf6 19. Bxb5 cxb5 20. Rxd7+ Kg8 21. e5 Qf2 22. Qd3 a6 23. Kb1 Rac8 24. Nd4 Nf4 25. Qd1 Nd5 26. h5 Ne3 27. Qd3 Qf1+ 28. Rxf1 Rxf1+ 29. Qxf1 Nxf1 30. hxg6 hxg6 31. Nxe6 Re8 32. Rg7+ Kh8 33. Rxg6 Nd2+ 34. Kc1 Nc4 35. Ng5 Nxe5 36. Rh6+ Kg8 37. Rxa6 Rf8 38. b3 Rf2 39. Ne4 Rf4 40. Nf6+ Kf7 41. Nd5 Rd4 42. Ra7+ Kg6 43. Nc7 b4 44. Rb7 Kf5 45. Na6 Nc6 46. Rb6 1-0

[Event "Moscow Aeroflot op-A"]
[Site "Moscow"]
[Date "2024.03.04"]
[Round "4"]
[White "Suyarov, Mukhammadzokhid"]
[Black "Charochkina, Daria"]
[Result "1-0"]
[WhiteElo "2407"]
[BlackElo "2298"]
[PlyCount "75"]
[EventDate "2024.03.03"]
[EventType "swiss"]
[EventRounds "9"]
[EventCountry "RUS"]
[SourceTitle "CB11_2024"]
[SourceDate "2024.03.13"]
[SourceVersion "1"]
[SourceVersionDate "2024.03.13"]
[SourceQuality "1"]

1. e4 c6 2. d4 d5 3. e5 Bf5 4. Nf3 e6 5. Be2 Nd7 6. 0-0 a5 7. a4 f6 8. Nbd2 Nh6 9. c4 Bb4 10. Nb3 Nf7 11. cxd5 fxe5 12. dxe5 Ndxe5 13. Nxe5 Nxe5 14. f4 Ng6 15. dxc6 bxc6 16. Bc4 Qxd1 17. Rxd1 e5 18. Bd2 Bc2 19. Bxb4 Bxd1 20. Nxa5 Bc2 21. fxe5 Ne7 22. e6 Rf8 23. Nb7 Rf4 24. g3 Rd4 25. Bc5 Rd2 26. a5 Bd3 27. Nd6+ Kf8 28. Bxd3 Rxd3 29. Nf5 Rd5 30. Bxe7+ Ke8 31. Ne3 Rdxa5 32. Rxa5 Rxa5 33. Bd6 g6 34. Kf2 Ra4 35. b4 h5 36. b5 Rd4 37. Bc5 Rd2+ 38. Ke1 1-0

[Event "Wch Blitz (Women)"]
[Site "Samarkand"]
[Date "2023.12.30"]
[Round "11"]
[White "Charochkina, Daria"]
[Black "Wagner, Dinara"]
[Result "1-0"]
[WhiteElo "2301"]
[BlackElo "2452"]
[PlyCount "83"]
[EventDate "2023.12.29"]
[EventType "swiss (blitz)"]
[EventRounds "17"]
[EventCountry "UZB"]
[SourceTitle "CB01_2024"]
[SourceDate "2024.01.03"]
[SourceVersion "1"]
[SourceVersionDate "2024.01.03"]
[SourceQuality "1"]

1. d4 Nf6 2. c4 e6 3. Nc3 Bb4 4. e3 0-0 5. Bd2 b6 6. Nf3 d5 7. Rc1 Bd6 8. cxd5 exd5 9. Nb5 c5 10. Nxd6 Qxd6 11. dxc5 bxc5 12. Bd3 Bg4 13. h3 Bh5 14. Bc3 Nbd7 15. Be2 Ne4 16. 0-0 Rfe8 17. b3 Nxc3 18. Rxc3 Nf6 19. Qc2 Ne4 20. Rd3 Rad8 21. Rfd1 Qe6 22. Ng5 Nxg5 23. Bxh5 Qe5 24. Be2 d4 25. f4 Nxh3+ 26. gxh3 Qe4 27. Bf1 Rc8 28. Bg2 Qg6 29. e4 h5 30. Qf2 Rxe4 31. Rg3 Qe6 32. f5 Qe5 33. Bxe4 Qxe4 34. f6 g6 35. Re1 Qd5 36. Qf4 Kh7 37. Rg5 Qc6 38. Re7 Rf8 39. Qg3 Kh6 40. Rxh5+ Kxh5 41. Qg4+ Kh6 42. Qh4# 1-0

[Event "Wch Blitz (Women)"]
[Site "Samarkand"]
[Date "2023.12.30"]
[Round "15"]
[White "Goryachkina, Aleksandra"]
[Black "Charochkina, Daria"]
[Result "0-1"]
[WhiteElo "2553"]
[BlackElo "2301"]
[PlyCount "118"]
[EventDate "2023.12.29"]
[EventType "swiss (blitz)"]
[EventRounds "17"]
[EventCountry "UZB"]
[SourceTitle "CB01_2024"]
[SourceDate "2024.01.03"]
[SourceVersion "1"]
[SourceVersionDate "2024.01.03"]
[SourceQuality "1"]

1. e4 c6 2. d4 d5 3. exd5 cxd5 4. c4 Nf6 5. Nc3 Nc6 6. Nf3 a6 7. h3 g6 8. c5 Bg7 9. Bd3 0-0 10. 0-0 b6 11. cxb6 Qxb6 12. Na4 Qa7 13. Be3 Nb4 14. Be2 Bf5 15. Qd2 Nc2 16. Rac1 Nxe3 17. Qxe3 Ne4 18. Nc5 Nxc5 19. Rxc5 Qb7 20. b3 Rfc8 21. Rfc1 Bf8 22. Ne5 Rxc5 23. dxc5 a5 24. c6 Qc7 25. Bb5 d4 26. Qxd4 Bg7 27. f4 g5 28. Qc5 gxf4 29. Nxf7 e6 30. Ng5 Rd8 31. Nf3 Be4 32. Kh1 h6 33. Bc4 Kh8 34. Bxe6 Re8 35. Bg4 Rd8 36. Qc4 Bh7 37. Qe6 Bg8 38. Qe2 a4 39. Nh4 Bf7 40. Bf5 axb3 41. axb3 f3 42. Qxf3 Qe5 43. Ng6+ Bxg6 44. Bxg6 Qg5 45. Qf1 Qxg6 46. c7 Rc8 47. Qf3 Qd6 48. Qb7 Qd7 49. Qb6 Kh7 50. b4 Be5 51. Qe3 Bxc7 52. Qe4+ Kg7 53. Qc4 Qd6 54. g3 Kh8 55. Qc3+ Kh7 56. b5 Qd5+ 57. Kh2 Bxg3+ 58. Qxg3 Qd2+ 59. Qg2 Qxg2+ 0-1

[Event "Wch Blitz (Women)"]
[Site "Samarkand"]
[Date "2023.12.30"]
[Round "12"]
[White "Kosteniuk, Alexandra"]
[Black "Charochkina, Daria"]
[Result "1-0"]
[WhiteElo "2501"]
[BlackElo "2301"]
[PlyCount "73"]
[EventDate "2023.12.29"]
[EventType "swiss (blitz)"]
[EventRounds "17"]
[EventCountry "UZB"]
[SourceTitle "CB01_2024"]
[SourceDate "2024.01.03"]
[SourceVersion "1"]
[SourceVersionDate "2024.01.03"]
[SourceQuality "1"]

1. e4 c6 2. Nc3 d5 3. Nf3 dxe4 4. Nxe4 Nf6 5. Qe2 Nxe4 6. Qxe4 Nd7 7. d4 Nf6 8. Qd3 g6 9. Bg5 Bg7 10. 0-0-0 Bf5 11. Qe3 0-0 12. h3 Qa5 13. a3 Nd5 14. Qd2 Qa4 15. Bd3 Bxd3 16. Qxd3 b5 17. Bd2 b4 18. Qb3 Qa6 19. a4 Nb6 20. Bxb4 Nxa4 21. Qa3 c5 22. Bxc5 Nxc5 23. dxc5 Qb5 24. Rd3 Rab8 25. Nd4 Qc4 26. Rhd1 Rfc8 27. c6 e5 28. Rc3 Qd5 29. Nf5 Qxg2 30. Ne7+ Kh8 31. Nxc8 Rxc8 32. c7 Bf6 33. Qa6 Qg5+ 34. Kb1 Qf5 35. Rf3 Qxf3 36. Qxc8+ Kg7 37. Qd7 1-0

[Event "Wch Blitz (Women)"]
[Site "Samarkand"]
[Date "2023.12.29"]
[Round "6"]
[White "Charochkina, Daria"]
[Black "Kazarian, Anna Maja"]
[Result "0-1"]
[WhiteElo "2301"]
[BlackElo "2204"]
[PlyCount "71"]
[EventDate "2023.12.29"]
[EventType "swiss (blitz)"]
[EventRounds "17"]
[EventCountry "UZB"]
[SourceTitle "CB01_2024"]
[SourceDate "2024.01.03"]
[SourceVersion "1"]
[SourceVersionDate "2024.01.03"]
[SourceQuality "1"]

1. d4 d5 2. c4 c6 3. Nc3 Nf6 4. Nf3 g6 5. Qc2 Bg7 6. e3 0-0 7. Bd3 Nbd7 8. 0-0 Re8 9. b3 e5 10. dxe5 dxc4 11. Bxc4 Nxe5 12. Nxe5 Rxe5 13. Rd1 Qc7 14. h3 Bf5 15. e4 Bxe4 16. Nxe4 Rxe4 17. Bb2 Rae8 18. Rac1 Nh5 19. Ba3 Nf4 20. Bd6 Qa5 21. f3 Re1+ 22. Kh2 Rxd1 23. Rxd1 Ne6 24. b4 Qg5 25. Qe2 h5 26. f4 Qf6 27. Be5 Qe7 28. Bd6 Qf6 29. Qf2 Qc3 30. Bf1 Bd4 31. Qh4 Qe3 32. Rxd4 Qxd4 33. Be5 Qd5 34. Qf6 Kf8 35. f5 gxf5 36. Be2 0-1

[Event "Wch Rapid (Women)"]
[Site "Samarkand"]
[Date "2023.12.28"]
[Round "10"]
[White "Khamdamova, Afruza"]
[Black "Charochkina, Daria"]
[Result "1-0"]
[WhiteElo "2327"]
[BlackElo "2301"]
[PlyCount "53"]
[EventDate "2023.12.26"]
[EventType "swiss (rapid)"]
[EventRounds "11"]
[EventCountry "UZB"]
[SourceTitle "CB01_2024"]
[SourceDate "2024.01.03"]
[SourceVersion "1"]
[SourceVersionDate "2024.01.03"]
[SourceQuality "1"]

1. e4 c6 2. d4 d5 3. Nc3 dxe4 4. Nxe4 Nf6 5. Qd3 Nbd7 6. Nf3 g6 7. Be2 Bg7 8. Nxf6+ Nxf6 9. 0-0 0-0 10. h3 Bf5 11. Qb3 Qc7 12. c3 a5 13. a4 Nd5 14. Re1 Rad8 15. Bg5 h6 16. Bh4 Nf4 17. Bc4 Bf6 18. Bg3 Kg7 19. Ne5 g5 20. Nxf7 b5 21. axb5 cxb5 22. Qxb5 Bd7 23. Bxf4 Qxf4 24. Nxd8 Rxd8 25. Qd5 e6 26. Qe4 Qc7 27. Bd3 1-0

[Event "Wch Rapid (Women)"]
[Site "Samarkand"]
[Date "2023.12.27"]
[Round "7"]
[White "Charochkina, Daria"]
[Black "Gaboyan, Susanna"]
[Result "1-0"]
[WhiteElo "2301"]
[BlackElo "2179"]
[PlyCount "75"]
[EventDate "2023.12.26"]
[EventType "swiss (rapid)"]
[EventRounds "11"]
[EventCountry "UZB"]
[SourceTitle "CB01_2024"]
[SourceDate "2024.01.03"]
[SourceVersion "1"]
[SourceVersionDate "2024.01.03"]
[SourceQuality "1"]

1. d4 Nf6 2. c4 g6 3. g3 Bg7 4. Bg2 0-0 5. Nc3 d6 6. Nf3 Nbd7 7. 0-0 e5 8. e4 exd4 9. Nxd4 Re8 10. Re1 Nc5 11. h3 Nfd7 12. Be3 Ne5 13. b3 a5 14. Re2 Ne6 15. Ndb5 Bd7 16. Rd2 Bxb5 17. Nxb5 a4 18. Rc1 axb3 19. axb3 Qe7 20. Nc3 Qf8 21. Nd5 f5 22. exf5 Qxf5 23. Nf4 Nxf4 24. Bxf4 Ra3 25. c5 dxc5 26. Rd8 Ra8 27. Qd5+ Kh8 28. Rxa8 Rxa8 29. Qxb7 Rf8 30. Be3 Nd3 31. Be4 Nxc1 32. Bxf5 Ne2+ 33. Kf1 Nd4 34. Be4 Be5 35. Qd5 Bg7 36. b4 Nf5 37. Bxc5 Rf6 38. Qa8+ 1-0

[Event "Wch Rapid (Women)"]
[Site "Samarkand"]
[Date "2023.12.26"]
[Round "3"]
[White "Charochkina, Daria"]
[Black "Nurgali, Nazerke"]
[Result "1/2-1/2"]
[WhiteElo "2301"]
[BlackElo "2250"]
[PlyCount "266"]
[EventDate "2023.12.26"]
[EventType "swiss (rapid)"]
[EventRounds "11"]
[EventCountry "UZB"]
[SourceTitle "CB01_2024"]
[SourceDate "2024.01.03"]
[SourceVersion "1"]
[SourceVersionDate "2024.01.03"]
[SourceQuality "1"]

1. d4 d5 2. c4 e6 3. Nc3 h6 4. cxd5 exd5 5. Bf4 Nf6 6. e3 Bd6 7. Bd3 Bxf4 8. exf4 0-0 9. Nge2 Nc6 10. 0-0 a6 11. Rc1 Qd6 12. Bb1 Ne7 13. Na4 Bd7 14. Nc5 Bc6 15. Nd3 Rac8 16. Ne5 Bb5 17. Re1 c5 18. dxc5 Rxc5 19. Nd4 Rfc8 20. Rxc5 Qxc5 21. Qd2 Ne4 22. Qe3 Nc6 23. Ndxc6 Bxc6 24. Qxc5 Nxc5 25. Bf5 Re8 26. Rc1 Ne6 27. Nxc6 bxc6 28. Rxc6 Nxf4 29. Kf1 g6 30. Rc8 Kf8 31. Bd7 Rxc8 32. Bxc8 a5 33. Bb7 Ke7 34. g3 Nd3 35. Bxd5 Nxb2 36. Ke2 Na4 37. Kd3 f6 38. Kd4 Kd6 39. Bf7 g5 40. Ke4 Nc3+ 41. Kf5 Ke7 42. Bb3 a4 43. Bg8 Nd1 44. f3 Ne3+ 45. Kg6 Nf1 46. Kxh6 Nxh2 47. Bd5 Nf1 48. g4 Kd6 49. Bb7 a3 50. Kg6 Ke5 51. Ba6 Nd2 52. Be2 Nb3 53. Kg7 Nd4 54. Bd1 Nc6 55. Kg6 Nb4 56. Bb3 Nd3 57. Kg7 Nc5 58. Bd1 Ne6+ 59. Kf7 Nf4 60. Bc2 Nd5 61. Bb3 Nb4 62. Kg6 Nc6 63. Bd1 Nd4 64. Kf7 f5 65. gxf5 Kxf5 66. Kg7 Nc6 67. Bc2+ Kf4 68. Kf6 Ne5 69. Bd1 Nc4 70. Bb3 Ne3 71. Kg6 Nf1 72. Kf6 Nd2 73. Bd5 Nb1 74. Kg6 Nc3 75. Bc4 Nd1 76. Bb3 Nb2 77. Kf6 Nd3 78. Bd5 Nb4 79. Bb3 Nc6 80. Bd5 Ne5 81. Bb7 Nd7+ 82. Kg6 Nb6 83. Bc6 Nc4 84. Bd5 Ne3 85. Bb3 Nf1 86. Kf6 Nd2 87. Bd5 Nb1 88. Bb3 Nc3 89. Kg6 Nb5 90. Kf6 Nd6 91. Bd5 Nf5 92. Bb3 Nh4 93. Bd5 Ng2 94. Bb3 Ne1 95. Bd5 Nd3 96. Bb3 Ne5 97. Bd5 Nd7+ 98. Kg6 Nb6 99. Bb3 Nc8 100. Kf6 Nd6 101. Bd5 Nf5 102. Bb3 Ne3 103. Kg6 Nf1 104. Kf6 Nd2 105. Bd5 Nb1 106. Kg6 Nc3 107. Bb3 Nb5 108. Kf6 Nd4 109. Bd5 Ne2 110. Bb3 Ng1 111. Bd5 Nh3 112. Kg6 Nf2 113. Kf6 Nd3 114. Bb3 Nc5 115. Bd5 Nd7+ 116. Kg6 Nb6 117. Bb3 Nc8 118. Kf6 Nd6 119. Bd5 Nb5 120. Bb3 Nc3 121. Kg6 Kxf3 122. Kxg5 Ke3 123. Kg4 Kd2 124. Kf3 Kc1 125. Ke3 Kb2 126. Kd2 Ne4+ 127. Kd1 Nc5 128. Bg8 Na4 129. Kd2 Nc3 130. Bf7 Nxa2 131. Bxa2 Kxa2 132. Kc2 Ka1 133. Kc1 a2 1/2-1/2

[Event "RUS Cup final (Women)"]
[Site "Khanty-Mansiysk"]
[Date "2023.12.06"]
[Round "1.2"]
[White "Goltseva, Ekaterina"]
[Black "Charochkina, Daria"]
[Result "1-0"]
[WhiteElo "2331"]
[BlackElo "2301"]
[PlyCount "93"]
[EventDate "2023.12.05"]
[EventType "k.o."]
[EventRounds "3"]
[EventCountry "RUS"]
[SourceTitle "CB50_2023"]
[SourceDate "2023.12.13"]
[SourceVersion "1"]
[SourceVersionDate "2023.12.13"]
[SourceQuality "1"]

1. d4 f5 2. c4 e6 3. Nc3 Nf6 4. Qc2 Bb4 5. e3 b6 6. Bd3 Bb7 7. f3 c5 8. Nge2 cxd4 9. exd4 Nc6 10. a3 Bd6 11. 0-0 Rc8 12. b4 0-0 13. Be3 Qe8 14. Qd2 Kh8 15. Rae1 Qf7 16. Nb5 Be7 17. Bf4 Ne8 18. Bb1 a6 19. Nbc3 d6 20. Ba2 e5 21. dxe5 dxe5 22. Be3 Bh4 23. Rd1 Qg6 24. Nd5 b5 25. cxb5 axb5 26. Bc5 Nd6 27. Ndf4 exf4 28. Nxf4 Qh6 29. Qxd6 Bf6 30. Nd5 Nd4 31. Nxf6 Ne2+ 32. Kh1 gxf6 33. Rfe1 Rfe8 34. Qd3 Nf4 35. Qxf5 Nh5 36. Kg1 Rxe1+ 37. Rxe1 Qd2 38. Qe6 Ng7 39. Qe2 Qg5 40. Qe3 Qh4 41. Qf2 Qh5 42. Qd4 Qf5 43. Bb1 Qg5 44. Qd7 Rg8 45. Qxb7 Nf5 46. f4 Qh4 47. Bf2 1-0

[Event "RUS Cup tt (Women)"]
[Site "Sochi"]
[Date "2023.12.01"]
[Round "5.12"]
[White "Charochkina, Daria"]
[Black "Sazonova, Elena"]
[Result "1-0"]
[WhiteElo "2301"]
[BlackElo "2088"]
[PlyCount "67"]
[EventDate "2023.11.27"]
[EventType "team-tourn"]
[EventRounds "7"]
[EventCountry "RUS"]
[SourceTitle "CB49_2023"]
[SourceDate "2023.12.06"]
[SourceVersion "1"]
[SourceVersionDate "2023.12.06"]
[SourceQuality "1"]
[WhiteTeam "Korporatsiya M (W)"]
[BlackTeam "Rossia Veterany (W)"]
[WhiteTeamCountry "RUS"]
[BlackTeamCountry "RUS"]

1. d4 Nf6 2. c4 g6 3. g3 Bg7 4. Bg2 d5 5. cxd5 Nxd5 6. e4 Nb6 7. Ne2 0-0 8. 0-0 N8d7 9. Qc2 e5 10. Rd1 exd4 11. Nxd4 Re8 12. Nb5 Be5 13. f4 a6 14. N5c3 Bg7 15. e5 Qe7 16. Ne4 f5 17. Ng5 Qc5+ 18. Qxc5 Nxc5 19. Be3 h6 20. Bxc5 hxg5 21. Nc3 Nd7 22. Bd5+ Kh7 23. Ba3 c5 24. Bf7 Re7 25. e6 Rxf7 26. exf7 b5 27. Rac1 b4 28. Bxb4 cxb4 29. Nd5 Bf8 30. Nc7 Rb8 31. Ne6 Rb6 32. Nxf8+ Nxf8 33. Rxc8 Kg7 34. Rdd8 1-0

[Event "Cheliabinsk Shusharin Memorial Rapid"]
[Site "Cheliabinsk"]
[Date "2023.11.16"]
[Round "8"]
[White "Lobanov, Sergei"]
[Black "Charochkina, Daria"]
[Result "1-0"]
[WhiteElo "2516"]
[BlackElo "2301"]
[PlyCount "81"]
[EventDate "2023.11.15"]
[EventType "swiss (rapid)"]
[EventRounds "11"]
[EventCountry "RUS"]
[SourceTitle "CB47_2023"]
[SourceDate "2023.11.22"]
[SourceVersion "1"]
[SourceVersionDate "2023.11.22"]
[SourceQuality "1"]

1. d4 d5 2. c4 e6 3. Nc3 a6 4. cxd5 exd5 5. Nf3 Nf6 6. Bg5 Be6 7. e3 Bd6 8. Bd3 Nbd7 9. 0-0 c6 10. h3 Qc7 11. Qd2 0-0 12. Bf4 g6 13. Rac1 Nh5 14. Bxd6 Qxd6 15. Na4 Ng7 16. Nc5 Nxc5 17. dxc5 Qe7 18. Nd4 Bd7 19. b4 Rae8 20. a4 Ne6 21. Qc3 Ng5 22. Rfe1 Ne4 23. Bxe4 Qxe4 24. Rb1 g5 25. b5 axb5 26. axb5 Rb8 27. bxc6 bxc6 28. Rb6 h5 29. Qb4 Rbc8 30. Rb7 Bf5 31. Qb6 g4 32. h4 g3 33. fxg3 Bg6 34. Kh2 Qd3 35. Nxc6 Rfe8 36. Ne7+ Rxe7 37. Rxe7 Qd2 38. Rf1 Be4 39. Rxe4 dxe4 40. Qb7 Rf8 41. Qxe4 1-0

[Event "RUS-chT Rapid (Women)"]
[Site "Sochi"]
[Date "2023.10.19"]
[Round "9.5"]
[White "Zhapova, Yana"]
[Black "Charochkina, Daria"]
[Result "1/2-1/2"]
[WhiteElo "2110"]
[BlackElo "2301"]
[PlyCount "60"]
[EventDate "2023.10.18"]
[EventType "team-swiss (rapid)"]
[EventRounds "9"]
[EventCountry "RUS"]
[SourceTitle "Mega2024 Update 01"]
[Source "Chessbase"]
[SourceDate "2023.11.12"]
[SourceVersion "1"]
[SourceVersionDate "2023.11.12"]
[SourceQuality "1"]
[WhiteTeam "Novosibirsk Region (W)"]
[BlackTeam "Rostov Nastavnik (W)"]
[WhiteTeamCountry "RUS"]
[BlackTeamCountry "RUS"]

1. e4 c6 2. Nc3 d5 3. Nf3 dxe4 4. Nxe4 Nf6 5. Qe2 Nxe4 6. Qxe4 Nd7 7. Bc4 Nf6 8. Ne5 e6 9. Qe2 b5 10. Bd3 Bd6 11. b3 Qc7 12. Bb2 Nd5 13. g3 Nb4 14. 0-0 Nxd3 15. Nxd3 0-0 16. Be5 c5 17. Bxd6 Qxd6 18. Qe5 Qxe5 19. Nxe5 Rd8 20. d3 Bb7 21. a4 f6 22. Ng4 Bf3 23. Ne3 a6 24. Rfe1 Kf7 25. Nf1 Bc6 26. axb5 axb5 27. Nd2 g5 28. f3 e5 29. Ne4 Bxe4 30. fxe4 h5 1/2-1/2

[Event "RUS-chT Blitz (Women)"]
[Site "Sochi"]
[Date "2023.10.17"]
[Round "12.1"]
[White "Badelka, Olga"]
[Black "Charochkina, Daria"]
[Result "0-1"]
[WhiteElo "2386"]
[BlackElo "2301"]
[PlyCount "95"]
[EventDate "2023.10.17"]
[EventType "team-tourn (blitz)"]
[EventRounds "13"]
[EventCountry "RUS"]
[SourceTitle "Mega2024 Update 01"]
[Source "Chessbase"]
[SourceDate "2023.11.12"]
[SourceVersion "1"]
[SourceVersionDate "2023.11.12"]
[SourceQuality "1"]
[WhiteTeam "Moscow ShSM (W)"]
[BlackTeam "Rostov Nastavnik (W)"]
[WhiteTeamCountry "RUS"]
[BlackTeamCountry "RUS"]

1. Nf3 d5 2. g3 Bg4 3. Bg2 Nd7 4. d4 Ngf6 5. 0-0 e6 6. c4 c6 7. cxd5 exd5 8. Ne5 Bf5 9. Nc3 Bd6 10. Bf4 Qc7 11. Rc1 Qb8 12. Nxd7 Nxd7 13. Bxd6 Qxd6 14. f3 0-0 15. e4 dxe4 16. fxe4 Bg6 17. e5 Qb4 18. Qe2 Qxd4+ 19. Kh1 Qxe5 20. Qg4 Nf6 21. Qb4 Rab8 22. Rce1 Qh5 23. Bf3 Qh3 24. Bg2 Qd7 25. Re7 a5 26. Qa3 Qd8 27. Ree1 b5 28. Qc5 b4 29. Na4 Qd2 30. Qxc6 Rbc8 31. Qf3 Bh5 32. Qe3 Rfd8 33. Nb6 Qxe3 34. Rxe3 Rc2 35. b3 Rdd2 36. Bb7 Rxh2+ 37. Kg1 h6 38. Nc4 Rxa2 39. Nd6 Rhe2 40. Rd3 Bg4 41. Nc4 Bh3 42. Rfd1 Bg2 43. Rd8+ Kh7 44. Bxg2 Rxg2+ 45. Kh1 Rh2+ 46. Kg1 Rag2+ 47. Kf1 Ng4 48. R1d4 0-1